| 000 | 02291cab a2200217 4500 | ||
|---|---|---|---|
| 001 | L131006 | ||
| 008 | 050920n2005 000 0 eng u | ||
| 035 | _a(Sirsi) u131006 | ||
| 041 | 0 | _aeng | |
| 245 | _aSecretary of State for Environment, Food and Rural Affairs v Alford | ||
| 260 | _c2005 | ||
| 490 |
_aEstates Gazette _v[2005] 36 EG 278-281(4) |
||
| 520 | _a[2005] EWHC 808 (Admin), 5 May 2005. Considers whether a farm owner who applied manure to neglected grazing moorland without applying for or having the consent of the SoS, had contravened the Environmental Impact Assessment (Uncultivated Land and Semi-natural Areas) (England) Regulations 2001. Appeal by farm owner (A) against the decision that the land in question fell within the uncultivated land or semi-natural areas description in the 2001 Regulations and that the manuring came within the intensive agricultural purposes definition in reg. 2(1) of the Regulations. A appealed by case stated. The issues were: (1) whether the manuring process came within the intensive agricultural purposes definition either because it increased the productiveness of the land or it intensified the agricultural purpose to which the land was put ;(2) whether A's project amounted to an intervention in the natural surroundings involving the use of uncultivated land or semi-natural purposes for intensive agricultural purposes. "Held": appeal allowed. The volumes of manure applied used were not calculated to raise the productivity of the land above the normal productivity of the land if it had not fallen into a state of neglect. The work carried out could not be described as an intervention for intensive agricultural purposes. | ||
| 590 | _aIKA270905 | ||
| 650 | _aENVIRONMENTAL IMPACT ASSESSMENT (UNCULTIVATED LAND AND SEMI-NATURAL AREAS)(ENGLAND) REGULATIONS 2001 | ||
| 650 | _aSOS ENVIRONMENT, FOOD AND RURAL AFFAIRS V ALFORD | ||
| 690 | _aENVIRONMENTAL AND LAND CONSULTANCY-ENVIRONMENTAL MANAGEMENT-ENVIRONMENTAL ASSESSMENT-ENVIRONMENTAL IMPACT ASSESSMENT | ||
| 856 | 4 | 1 |
_uhttps://www.bailii.org/ew/cases/EWHC/Admin/2005/808.html _zView the judgment free of charge at www.bailii.org... |
| 856 | 4 | 1 |
_uhttps://www.opsi.gov.uk/si/si2001/20013966.htm _zView the Regulations free of charge at www.opsi.gov.uk... |
| 942 | _n0 | ||
| 999 |
_c75901 _d75901 |
||